Carranza (Record no. 55446)

MARC details
000 -LEADER
campo de control de longitud fija 00826nam a2200193 i 4500
001 - NÚMERO DE CONTROL
campo de control 55446
003 - IDENTIFICADOR DE NÚMERO DE CONTROL
campo de control ES-MaACL
005 - FECHA Y HORA DE LA ÚLTIMA TRANSACCIÓN
campo de control 20250818043012.0
007 - CAMPO FIJO DE DESCRIPCIÓN FÍSICA--INFORMACIÓN GENERAL
campo de control de longitud fija t|
008 - DATOS DE LONGITUD FIJA--INFORMACIÓN GENERAL
campo de control de longitud fija 030919s1917 fr ||||1| fre d
100 1# - ENTRADA PRINCIPAL--NOMBRE DE PERSONA
Nombre de persona Dermée, Paul.
9 (RLIN) 43777
245 10 - MENCIÓN DEL TÍTULO
Título Carranza
Resto del título : sa vie, son röle politique : (1859-1917) /
Mención de responsabilidad, etc. Paul Dermée.
260 ## - PUBLICACIÓN, DISTRIBUCIÓN, ETC.
Lugar de publicación, distribución, etc. Paris :
Nombre del editor, distribuidor, etc. [s.n.],
Fecha de publicación, distribución, etc. 1917 (
Fabricante Imp. Centrale de la Bourse)
300 ## - DESCRIPCIÓN FÍSICA
Extensión 32 p., [1] de lám. :
Otras características físicas il. ;
Dimensiones 22 cm.
600 14 - PUNTO DE ACCESO ADICIONAL DE MATERIA--NOMBRE DE PERSONA
Nombre de persona Carranza, Venustiano,
Fechas asociadas al nombre 1859-1920
9 (RLIN) 35508
651 ## - PUNTO DE ACCESO ADICIONAL DE MATERIA--NOMBRE GEOGRÁFICO
Nombre geográfico México-
Subdivisión general Historia-
Subdivisión cronológica 1910-1917, Revolución armada.
9 (RLIN) 151495
852 ## - LOCALIZACIÓN
Ubicación ES-MaACL
Número de control de estantería 1565-F-4
Nota libre .- Sello en la port:: Legación de los Estados Unidos Mexicanos
-- .- Anotación manuscrita en verso cubierta: "Humilede trabajo de propaganda de Luis Quintanilla, Paris, mayo 1917"
Holdings
Estatus retirado Estado de pérdida Estado de daño No para préstamo Colección Biblioteca de origen Biblioteca actual Ubicación en estantería Fecha de adquisición Fuente de adquisición Total de préstamos Signatura topográfica completa Código de barras Visto por última vez Precio de reemplazo Tipo de ítem Koha
        Colección de folletos Biblioteca del Ateneo de Madrid Biblioteca del Ateneo de Madrid Depósito folletos 17/01/2008     1565-F-4 1058254 23/02/2023 23/02/2023 Folleto